000 00321 a2200121 4500
000 nam a22 7a 4500
005 20260206105600.0
020 _a9789348650689
100 _aEd. Anand Pandey
_91114089
245 _aPratinidhi Nibandh : Vijaydev Narayan Sahi
260 _bNayee Kitab Prakashan
_c2025
942 _cTEXL
999 _c1678766
_d1678766